000 00411nab a2200145Ia 4500
003 ES-SlBCS
005 20210601134437.0
008 140529s2011 xxu||||| |||| 00| 0 spa d
041 _aspa
100 1 _aRichard, Pablo
_95387
245 0 0 _aMovimiento bíblico latinoamericano
_c Pablo Richard
650 0 4 _aKairós
_946286
773 0 _tAnatéllei
_gvol. 12, nº. 26, 2011, págs. 111-120
_wRev1029
942 _cAR
999 _c612692
_d612692